1478 1320 1652 1152 1537 1402 1367 1310 1696 1065 1200 1934 1113 1129 1255 1148 1938 1793 1191 1375 1943 1637 1092 1302 1012 1853 1512 1271 1578 1511 1524 1565 1128 1050 1303 1047 1204 1555 1632 1085 1225 1857 1725 1362 1528 1135 1533 1514 1058 1981 1991 1608 1712 1492 1020 1988 1517 1983 1972 1544 1218 1552 1381 1412 1630 1801 1421 1816 1571 1476 1886 1838 1307 1644 1165 1778 1869 1134 1394 1689 1941 1645 1898 1494 1769 1060 1433 1057 1718 1017 1890 1266 1123 1007 1948 1543 1184 1249 1649 BCNSPRNW ULIB Ver.6.0+V

เปลี่ยนเป็นภาษาไทย

Change to English
 แสดงรายละเอียดบรรณานุกรม
  กลับหน้าหลัก

Brief Record : Get Marc (ISO 2709) : E-mail record : QR code < ปิดหน้าต่าง
LEADER : 00000nam 2200000uu 4500
001    13399122560
003     ULIB
008    130731s2554||||th 000 0 tha d
020    9789749874264
050  4 ^aHQ759.2^bส229ว
110 1  ^aสภาสังคมสงเคราะห์แห่งประเทศไทย ในพระบรมราชูปถัมภ์
245 00 ^aวันแม่แห่งชาติ 2554 /^cสภาสังคมสงเคราะห์แห่งประเทศไทย ในพระบรมราชูปถัมภ์
250    ^aพิมพ์ครั้งที่ 1
260    ^aกรุงเทพฯ :^bอมรินทร์พริ้นติ้งแอนด์พับลิชชิ่ง,^c2554
300    ^a639 หน้า :^bภาพประกอบสี
650  7 ^aรางวัลแม่ดีเด่น
650  7 ^aรางวัลลูกกตัญญู
650  7 ^aวันแม่แห่งชาติ
710 1  สภาสังคมสงเคราะห์แห่งประเทศไทย ในพระบรมราชูปถัมภ์
945    ^p0^l0^i033729
945    ^p0^l0^i033730
999    ^aเกษร โพธิ์สุวรรณ
รายการนี้ยังไม่มีแท็ก
คุณยังไม่ได้ล็อกอิน คุณสามารถมีกิจกรรมร่วมกับเว็บไซต์ได้ แต่ต้องล็อกอินก่อน ::
  ล็อกอิน

รายการสื่อสารสนเทศ

ลำดับที่ ประเภท เลขเรียก/บาร์โค้ด สถานที่ สถานะ
1. การศึกษาทั่วไป
หนังสือสำรอง
สถานะ=หนังสือสำรอง
HQ759.2 ส229ว ฉ.1 
  Barcode: 033729
ห้องสมุดวิทยาเขตสวรรค์ประชารักษ์
►หนังสือทั่วไป
บนชั้น
2. การศึกษาทั่วไป
การศึกษาทั่วไป
HQ759.2 ส229ว ฉ.2 
  Barcode: 033730
ห้องสมุดวิทยาเขตสวรรค์ประชารักษ์
►หนังสือทั่วไป
บนชั้น

รายการใกล้เคียง
    หัวเรื่อง [รางวัลแม่ดีเด่น]
    หัวเรื่อง [รางวัลลูกกตัญญู]
    หัวเรื่อง [วันแม่แห่งชาติ]

BibComment


ยังไม่เคยถูกคอมเมนท์

คอมเมนท์ทรัพยากรรายการนี้
  คอมเมนท์: วันแม่แห่งชาติ 2..


 Copyright 2026. Bcnsprnw @Library